| 000 | 00863cab a2200253 4500 | ||
|---|---|---|---|
| 001 | ABS55034 | ||
| 008 | 090401t1996 xxu||||| |||| 00| 0 eng d | ||
| 035 | _a(Sirsi) u13716 | ||
| 041 | _aeng | ||
| 100 | _aLawson, D. | ||
| 245 | _aShaky ground | ||
| 260 | _c1996 | ||
| 350 | _a0 | ||
| 490 |
_aProperty Week _v55(2) 11 April 1996, 30-31(2) |
||
| 520 | _aHighlights the importance of space management requirements to businesses with the growth of hot desking and flexibility of working practices. Analyses recent research carried by International Development and Research Council and Henley Centre. | ||
| 650 | _aCORPORATE PROPERTY | ||
| 650 | _aHOT DESKING | ||
| 650 |
_aProperty management _96262 |
||
| 650 | _aSPACE MANAGEMENT | ||
| 650 | _aSTRATEGIC PLANNING | ||
| 690 | _aOFFICE SERVICES AND ADMINISTRATION | ||
| 942 | _n0 | ||
| 948 | _c04/03/1997 | ||
| 999 |
_c8833 _d8833 |
||